000 00933nam a2200325 a 4500
001 3282189
003 OSt
005 20250709094543.0
008 820514t19791978sz a b i000 0 eng
010 _a 82119466
015 _aSw***
020 _a8120406028 :
_c25.00F
038 _akhadija
040 _aDLC
_cDLC
_dDLC
050 0 0 _aT60
_b.I57 1979
082 0 0 _a658.542
_219
_bINT
100 _aPal, M. N
_9129491
245 0 0 _aIntroduction to work study/
_cM. N. Pal
250 _a3rd (rev.) ed.
260 _aGeneva :
_bInternational Labour Office,
_c1979, c1978.
300 _axiv, 442 p. :
_bill. ;
_c28 cm.
500 _aHardcover.
504 _aBibliography: p. 439-441.
563 _ahardcover
650 0 _aWork measurement.
_925461
650 0 _aMethods engineering.
_986118
700 _aA. K. Chatterjee, S. K. Mukherjee
_9129492
906 _a7
_bcbc
_corignew
_d2
_encip
_f19
_gy-gencatlg
942 _2ddc
_cBK
999 _c34098
_d34098